• AIU
  • Tony Wilmot Memorial Library

Hadithi na Vitendo (Record no. 43322)

MARC details
000 -LEADER
fixed length control field 00514nam a22001811a 4500
020 ## - INTERNATIONAL STANDARD BOOK NUMBER
Terms of availability 0.00
040 ## - CATALOGING SOURCE
Original cataloging agency NEGST Library - Kenya
050 ## - LIBRARY OF CONGRESS CALL NUMBER
Classification number PL 8704.D5H33 1951
100 ## - MAIN ENTRY--PERSONAL NAME
Personal name Diva, David E.
245 ## - TITLE STATEMENT
Title Hadithi na Vitendo
Medium [Text]
260 ## - PUBLICATION, DISTRIBUTION, ETC. (IMPRINT)
Place of publication, distribution, etc London
Name of publisher, distributor, etc University of London Pre
Date of publication, distribution, etc 1951
300 ## - PHYSICAL DESCRIPTION
Extent 32 p.
500 ## - GENERAL NOTE
General note [Africana]
600 ## - SUBJECT ADDED ENTRY--PERSONAL NAME
Personal name Short stories. Swahili.
600 ## - SUBJECT ADDED ENTRY--PERSONAL NAME
Personal name Swahili Language - Readers
852 ## - LOCATION/CALL NUMBER
-- 1.00
Holdings
Withdrawn status Lost status Source of classification or shelving scheme Damaged status Not for loan Collection code Home library Current library Shelving location Date acquired Source of acquisition Cost, normal purchase price Full call number Barcode Date last seen Copy number Price effective from Koha item type
    Library of Congress Classification     Special Collection AIU/NEGST - Tony Wilmot Memorial Library AIU/NEGST - Tony Wilmot Memorial Library Special Collection 02/16/2010 Donation- SIL 1.00 S PL 8704.D5H33 1951 R41151K3232 09/26/2019 1 02/16/2010 Africana Collection (Special)